000 00493nmm a2200169Ia 4500
008 251105s9999||||xx |||||||||||||||||und||
020 _a8470304755
041 _aspa
100 _aVarios
245 0 _aAntología del teatro breve español (1898-1940)
264 _a[Madrid, España] :
_bBiblioteca Nueva,
_c1997
300 _a384 páginas
490 _aClásicos de Biblioteca Nueva
650 _aSpanish theater
856 _uhttps://public.digitaliapublishing.com/a/4411
942 _cCF
999 _c73083
_d73083